| 000 | 00522nam a2200181Ia 4500 | ||
|---|---|---|---|
| 008 | 230917s9999||||xx |||||||||||||| ||und|| | ||
| 020 | _cGBP6.99 | ||
| 040 |
_e254933 _aMAIN |
||
| 041 | _aEnglish | ||
| 082 | _a330.1543 K849T(2) | ||
| 100 | _aKoutsoyiannis, A | ||
| 245 | 0 | _aTheory of econometrics: An introductory exposition of econometric methods | |
| 250 | _a2nd ed. | ||
| 260 |
_aNew York _bPalgrave _c2018 |
||
| 300 | _axvii, 681 p. | ||
| 500 | _a3440 04/03/2019 APD19/1092282 05/03/2019 UGC Grant | ||
| 942 | _cBK | ||
| 999 |
_c30786 _d30786 |
||